书目信息 |
| 题名: |
南宋政治史
|
|
| 作者: | 何忠礼 著 | |
| 分册: | ||
| 出版信息: | 北京 人民出版社 2008 |
|
| 页数: | 40,12,463页 | |
| 开本: | 24cm | |
| 丛书名: | 南宋史研究丛书 | |
| 单 册: | ||
| 中图分类: | D691.2 | |
| 科图分类: | ||
| 主题词: | 政治制度--历史--中国--南宋 , 政治制度 | |
| 电子资源: | ||
| ISBN: | 978-7-01-006774-2 | |
| 000 | 00706oam2 2200253 45 | |
| 001 | 1033003203 | |
| 005 | 20100407172336.85 | |
| 010 | @a978-7-01-006774-2@dCNY75.00 | |
| 100 | @a20100331d2008 ekmy0chiy0120 ea | |
| 101 | 0 | @achi |
| 102 | @aCN@b110000 | |
| 105 | @ay z 000yy | |
| 106 | @ar | |
| 200 | 1 | @a南宋政治史@ANan Song Zheng Zhi Shi@f何忠礼著@FHe Zhong Li Zhu |
| 210 | @a北京@c人民出版社@d2008 | |
| 215 | @a40,12,463页@d24cm | |
| 225 | 2 | @a南宋史研究丛书 |
| 461 | 0 | @12001 @a南宋史研究丛书 |
| 606 | 0 | @a政治制度@x历史@y中国@z南宋 |
| 606 | 0 | @a政治制度 |
| 690 | @aD691.2@v4 | |
| 701 | 0 | @a何忠礼@AHe Zhong Li@4著 |
| 801 | 0 | @aCN@bTANGWEI@c20100407 |
| 905 | @b0587375-79@dD691.2@e152@f5 | |
| 南宋政治史/何忠礼著.-北京:人民出版社,2008 |
| 40,12,463页;24cm.-(南宋史研究丛书) |
| ISBN 978-7-01-006774-2:CNY75.00 |
| ● |
| 相关链接 |
|
|
|
|
正题名:南宋政治史
索取号:D691.2/152
 
预约/预借
| 序号 | 登录号 | 条形码 | 馆藏地/架位号 | 状态 | 备注 |
| 1 | 0587375 | 205873759 | 第一样本阅览室/ [索取号:D691.2/152] | 在馆 | |
| 2 | 0587376 | 205873768 | 第一借阅区/ [索取号:D691.2/152] | 在馆 | |
| 3 | 0587377 | 205873777 | 第一借阅区/ [索取号:D691.2/152] | 在馆 | |
| 4 | 0587378 | 205873786 | 第一借阅区/ [索取号:D691.2/152] | 在馆 | |
| 5 | 0587379 | 205873795 | 第一借阅区/ [索取号:D691.2/152] | 在馆 |